Надежность теплоэнергетического оборудования ТЭС: учебное пособие
| Glavni autor: | |
|---|---|
| Autor kompanije: | |
| Daljnji autori: | , |
| Sažetak: | Заглавие с титульного экрана В пособии приведен анализ надежности котлов, турбин, трубопроводы и вспомогательного оборудования электростанций. Дан перечень основных аварий и инцидентов, имевших место в энергосистемах и на электрических станциях: приведены их причины. Изложены вопросы теории надежности систем, закономерности определения ресурса объектов, методы расчета показателей надежности структурных схем энергоблоков и узлов оборудования. Рассмотрено влияние человеческого фактора на надежность теплоэнергетических систем, приведены пути обеспечения надежности средствами проектирования, изготовления и эксплуатации. Предназначено для студентов, обучающихся по направлению 13.04.01 "Теплоэнергетика и теплотехника" Режим доступа: из корпоративной сети ТПУ |
| Jezik: | ruski |
| Izdano: |
Томск, Изд-во ТПУ, 2015
|
| Teme: | |
| Online pristup: | http://www.lib.tpu.ru/fulltext2/m/2016/m050.pdf |
| Format: | Elektronički Knjiga |
| KOHA link: | https://koha.lib.tpu.ru/cgi-bin/koha/opac-detail.pl?biblionumber=317458 |
MARC
| LEADER | 00000nlm0a2200000 4500 | ||
|---|---|---|---|
| 001 | 317458 | ||
| 005 | 20240112151429.0 | ||
| 035 | |a (RuTPU)RU\TPU\book\342926 | ||
| 035 | |a RU\TPU\book\342830 | ||
| 090 | |a 317458 | ||
| 100 | |a 20160408d2015 m y0rusy50 ca | ||
| 101 | 0 | |a rus | |
| 102 | |a RU | ||
| 105 | |a a j 001zy | ||
| 135 | |a drcn ---uucaa | ||
| 181 | 0 | |a i | |
| 182 | 0 | |a b | |
| 200 | 1 | |a Надежность теплоэнергетического оборудования ТЭС |e учебное пособие |f С. А. Беляев, А. В. Воробьёв, В. В. Литвак |g Национальный исследовательский Томский политехнический университет (ТПУ) | |
| 203 | |a Текст |c электронный | ||
| 210 | |a Томск |c Изд-во ТПУ |d 2015 | ||
| 300 | |a Заглавие с титульного экрана | ||
| 330 | |a В пособии приведен анализ надежности котлов, турбин, трубопроводы и вспомогательного оборудования электростанций. Дан перечень основных аварий и инцидентов, имевших место в энергосистемах и на электрических станциях: приведены их причины. Изложены вопросы теории надежности систем, закономерности определения ресурса объектов, методы расчета показателей надежности структурных схем энергоблоков и узлов оборудования. Рассмотрено влияние человеческого фактора на надежность теплоэнергетических систем, приведены пути обеспечения надежности средствами проектирования, изготовления и эксплуатации. Предназначено для студентов, обучающихся по направлению 13.04.01 "Теплоэнергетика и теплотехника" | ||
| 333 | |a Режим доступа: из корпоративной сети ТПУ | ||
| 337 | |a Adobe Reader | ||
| 606 | 1 | |a Тепловые электрические станции |x Теплосиловое оборудование |x Надежность |2 stltpush |3 (RuTPU)RU\TPU\subj\59672 |9 77179 | |
| 610 | 1 | |a электронный ресурс | |
| 610 | 1 | |a труды учёных ТПУ | |
| 610 | 1 | |a учебные пособия | |
| 610 | 1 | |a теплоэнергетическое оборудование | |
| 610 | 1 | |a ТЭС | |
| 610 | 1 | |a котлы | |
| 610 | 1 | |a турбины | |
| 610 | 1 | |a трубопроводы | |
| 610 | 1 | |a вспомогательное оборудование | |
| 610 | 1 | |a электростанции | |
| 610 | 1 | |a энергосистемы | |
| 610 | 1 | |a электрические станции | |
| 610 | 1 | |a энергоблоки | |
| 610 | 1 | |a узлы | |
| 610 | 1 | |a человеческий фактор | |
| 610 | 1 | |a теплоэнергетические системы | |
| 610 | 1 | |a информационное обеспечение | |
| 610 | 1 | |a технические системы | |
| 675 | |a 621.311.22.002.5:621.1-192(075.8) |v 3 | ||
| 700 | 1 | |a Беляев |b С. А. | |
| 701 | 1 | |a Воробьёв |b А. В. |c специалист в области энергетики |c доцент Томского политехнического университета, кандидат технических наук |f 1949- |g Александр Владимирович |3 (RuTPU)RU\TPU\pers\26029 |9 11876 | |
| 701 | 1 | |a Литвак |b В. В. |c специалист в области теплоэнергетики |c профессор Томского политехнического университета, доктор технических наук |f 1940- |g Валерий Владимирович |3 (RuTPU)RU\TPU\pers\25676 |9 11587 | |
| 712 | 0 | 2 | |a Национальный исследовательский Томский политехнический университет (ТПУ) |b Энергетический институт (ЭНИН) |b Кафедра атомных и тепловых электростанций (АТЭС) |3 (RuTPU)RU\TPU\col\18683 |
| 801 | 1 | |a RU |b 63413507 |c 20150819 | |
| 801 | 2 | |a RU |b 63413507 |c 20160620 |g RCR | |
| 856 | 4 | |u http://www.lib.tpu.ru/fulltext2/m/2016/m050.pdf | |
| 942 | |c CF | ||